[Event "Groningen op"]
[Site "Groningen"]
[Date "1990.??.??"]
[Round "3"]
[White "Oei, Hway Ik"]
[Black "Van der Werf, Mark"]
[Result "1/2-1/2"]
[WhiteElo "2280"]
[BlackElo "2365"]

1.Nf3 Nf6 2.c4 c5 3.Nc3 e6 4.g3 b6 5.Bg2 Bb7 6.O-O d6 7.b3 Be7 8.d4 cxd4
9.Qxd4 O-O 10.Rd1 Nbd7 11.Ba3 Nc5 12.Ng5 Bxg2 13.Kxg2 Qc7 14.Bb2 Qb7+ 15.f3 a6
16.b4 Ncd7 17.Nge4 Ne8 18.Rab1 Ne5 19.Na4 b5 20.Qb6 Qc8 21.Bxe5 bxa4 22.Nxd6 Nxd6
23.Bxd6 Bxd6 24.Qxd6 Qxc4 25.Rb2 a3 26.Rbd2 h6 27.Rb1 Rab8 28.Rb3 a5 29.Rxa3 axb4
30.Rb3 Rb5 31.Rdb2 Rfb8 32.Qd3  1/2-1/2

[Event "Groningen op"]
[Site "Groningen"]
[Date "1990.??.??"]
[Round "8"]
[White "Cifuentes Parada, Roberto"]
[Black "Bischoff, Klaus"]
[Result "1/2-1/2"]
[WhiteElo "2480"]
[BlackElo "2530"]

1.c4 Nf6 2.Nc3 c5 3.Nf3 e6 4.e4 Nc6 5.Be2 a6 6.O-O Qc7 7.d4 cxd4 8.Nxd4 h5
9.g3 h4 10.Be3 hxg3 11.hxg3 Bb4 12.Nxc6 bxc6 13.Bf3 Bxc3 14.bxc3 d5 15.cxd5 cxd5
16.exd5 Nxd5 17.Bxd5 exd5 18.Bf4 Qc4 19.Re1+ Be6 20.Qd4 Qxd4 21.cxd4  1/2-1/2

[Event "HUN-chop"]
[Site "Gyor"]
[Date "1990.??.??"]
[Round "3"]
[White "Banas, Jan"]
[Black "Larsen, S."]
[Result "1/2-1/2"]
[WhiteElo "2395"]
[BlackElo "2280"]

1.c4 Nf6 2.Nc3 c5 3.Nf3 e6 4.e3 b6 5.d4 cxd4 6.exd4 Bb7 7.Bd3 Be7 8.O-O O-O
9.a3 d5 10.cxd5 Nxd5 11.Re1 Nd7 12.Bc2 N7f6 13.Qd3 Qc7 14.Ne5 Rfc8 15.Bd2 g6
16.Rac1 Nxc3 17.Bxc3 Bd5 18.Bd2 Qb7 19.Qh3 Rc7 20.Bd3 Rxc1 21.Bxc1 Rc8 22.Bg5 Nh5
23.Bd2 Nf6 24.Bg5 Nh5  1/2-1/2

[Event "HUN-chop"]
[Site "Gyor"]
[Date "1990.??.??"]
[Round "3"]
[White "Pogorelov, Ruslan"]
[Black "Varga, Zalan"]
[Result "1/2-1/2"]
[WhiteElo "2385"]
[BlackElo "2250"]

1.Nf3 Nf6 2.c4 c5 3.Nc3 g6 4.d4 cxd4 5.Nxd4 Bg7 6.e4 O-O 7.Be2 d6 8.Be3 a6
9.O-O e6 10.Nb3 Qc7 11.Rc1 b6 12.Qd2 Bb7 13.f3 Rc8 14.Rfd1 Ne8 15.Bf1 Nd7
16.Qf2 Rab8 17.Nd4 Qd8 18.b4 Qe7 19.Nb3 b5 20.c5 Bxc3 21.Rxc3 d5 22.exd5 Bxd5
23.Na5 Ra8 24.Qc2 Ne5 25.Bd4 Nc6 26.Nxc6 Bxc6 27.Re3 Rd8 28.Bb2 Rxd1 29.Qxd1 Rd8
30.Qc2 f6 31.Qc3 Kf7 32.f4 Qd7 33.Rh3 Kg8 34.Rd3 Qc7 35.Rxd8 Qxd8 36.Be2 Qd7
37.h4 Kg7 38.h5 Be4 39.hxg6 hxg6 40.Qe3 Qd5 41.g4 Kf7 42.a3 Ng7 43.Qc3 Ke8
44.Kf2 g5 45.a4 gxf4 46.axb5 Qg5  1/2-1/2

[Event "Jajce (Women)"]
[Site "Jajce"]
[Date "1990.??.??"]
[Round "4"]
[White "Gajic, Djordje"]
[Black "Alexandria, Nana"]
[Result "1-0"]
[WhiteElo "2295"]
[BlackElo "2360"]

1.Nf3 Nf6 2.c4 c5 3.Nc3 e6 4.g3 b6 5.Bg2 Bb7 6.O-O Be7 7.d4 cxd4 8.Qxd4 d6
9.e4 a6 10.Qe3 O-O 11.Nd4 Qc7 12.b3 Nbd7 13.Bb2 Rfe8 14.Rfe1 Rad8 15.Re2 Bf8
16.Qd2 Qb8 17.Rd1 g6 18.Ba1 Nc5 19.Kh1 Qa8 20.f3 e5 21.Nc2 b5 22.b4 Ncd7
23.cxb5 axb5 24.Ne3 Rc8 25.Qe1 Nb6 26.Bh3 Rc6 27.Red2 Nc4 28.Nxc4 Rxc4 29.Bf1 Rxb4
30.Nxb5 Bxe4 31.Nc7 Bxf3+ 32.Bg2 Bxg2+ 33.Rxg2 Qb7 34.Nxe8 Nxe8 35.Bc3 Re4
36.Qd2 Nf6 37.h3 d5 38.Qd3 d4 39.Bd2 Nd7 40.Rb1 Qa8 41.Kh2 Nc5 42.Qb5 d3
43.Bb4 Rxb4 44.Rxb4 Qd5 45.Qc4 Qd7 46.Rb8 Qc7 47.Re8 Kg7 48.Rb2 Qd6 49.Rd2 Be7
50.Rc8 Qb6 51.Rxc5 Bxc5 52.Qxd3 Bd4 53.a4 h5 54.h4 Qb4 55.Ra2 e4 56.Qd2 Bc3
57.Qe2 Qb1 58.Rc2 Qb4 59.Qb5 Qd4 60.Qb3 Ba1 61.a5 Qd1 62.Qc4 Bd4 63.Rg2 e3
64.a6 Ba7 65.Qa2 Qd6 66.Qb2+ Bd4 67.Qa2 Ba7 68.Rb2 Bb8 69.Rxb8 Qxb8 70.a7 Qa8
71.Qb2+ Kh7 72.Qb8 Qd5 73.a8=Q Qd2+ 74.Kh3 Qd7+ 75.Kg2 Qd2+ 76.Kf3 Qf2+ 77.Ke4 Qg2+
78.Kxe3 Qg1+ 79.Ke2 Qh2+ 80.Kf1  1-0

[Event "Jajce (Women)"]
[Site "Jajce"]
[Date "1990.??.??"]
[Round "9"]
[White "Gajic, Djordje"]
[Black "Wiese Jozwiak, Malgorzata"]
[Result "1-0"]
[WhiteElo "2295"]
[BlackElo "2225"]

1.Nf3 c5 2.c4 Nf6 3.Nc3 e6 4.g3 b6 5.Bg2 Bb7 6.O-O Be7 7.d4 cxd4 8.Qxd4 d6
9.e4 O-O 10.Qe3 Nbd7 11.Nd4 a6 12.b3 Qc7 13.Bb2 Rfe8 14.Rfe1 Rac8 15.Re2 Qb8
16.Rd1 Bf8 17.Qd2 Qa8 18.f3 Qb8 19.Qe1 Rcd8 20.g4 g6 21.Kh1 e5 22.Nc2 Nc5
23.Nd5 Bxd5 24.cxd5 a5 25.Bf1 Bg7 26.Rg2 Qc7 27.Bb5 Rf8 28.Bc1 Rc8 29.Be3 Nfd7
30.Na3 Qd8 31.Nc4 Rb8 32.Qg3 Qe7 33.h4 Kh8 34.Qh3 Rg8 35.h5 g5 36.Rb2 h6
37.a3 Rgc8 38.Qf1 Bf8 39.b4 Nb7 40.Bxd7 Qxd7 41.Nxb6 Qd8 42.Nxc8  1-0

[Event "Katowice op"]
[Site "Katowice"]
[Date "1990.??.??"]
[Round "9"]
[White "Samarin, Igor"]
[Black "Marinkovic, Slavisa"]
[Result "1-0"]
[WhiteElo "2370"]
[BlackElo "2320"]

1.Nf3 Nf6 2.c4 c5 3.Nc3 b6 4.g3 Bb7 5.Bg2 g6 6.d4 cxd4 7.Qxd4 Bg7 8.Be3 d6
9.Rc1 Nbd7 10.O-O h6 11.Rfd1 Rc8 12.b3 Nc5 13.Bh3 Rb8 14.Nd5 Nce4 15.Nxf6+ Bxf6
16.Qd3 Ng5 17.Nxg5 hxg5 18.Bg4 Bc8 19.h3 Bxg4 20.hxg4 Qc8 21.Qe4 Qe6 22.Qxe6 fxe6
23.Kg2 Rc8 24.Rd3 Rc7 25.Rcd1 Kf7 26.R1d2 Rc6 27.a4 a5 28.Rd1 Rd8 29.Kf3 Rh8
30.Ke4 Rh7 31.Rf1 Rh2 32.Rdd1 Rh8 33.Rh1 Rd8 34.Rd3 Rd7 35.Kf3 Rd8 36.Rd2 Rg8
37.Rh7+ Ke8 38.Rd1 Kd7 39.Rd3 Rb8 40.Rh6 Rg8 41.Ke4 Ke8 42.Rh7 Kd7 43.Kf3 Rb8
44.Rh6 Rg8 45.Ke4 Ke8 46.f4 gxf4 47.gxf4 Kf7 48.g5 Bg7 49.Rh7 Rh8 50.Rxh8 Bxh8
51.Kf3 e5 52.Rd5 exf4 53.Kxf4 Bc3 54.Rb5 Rc5 55.Bxc5 bxc5 56.Ke4 Ke6 57.Rb8 Bd2
58.Ra8 Bc3 59.Rf8 Bd2 60.e3 Bc3 61.Rf2 Be1 62.Rh2  1-0

[Event "Katowice op"]
[Site "Katowice"]
[Date "1990.??.??"]
[Round "10"]
[White "Belov, Igor"]
[Black "Moiseev, Viktor"]
[Result "1/2-1/2"]
[WhiteElo "2430"]
[BlackElo "2370"]

1.Nf3 c5 2.c4 Nf6 3.Nc3 b6 4.g3 Bb7 5.Bg2 e6 6.O-O d6 7.d4 cxd4 8.Qxd4 a6
9.Bg5 Be7 10.Bxf6 Bxf6 11.Qf4 O-O 12.Rfd1 Be7 13.Ne4 Bxe4 14.Qxe4 Ra7 15.Nd4 Rc7
16.Rac1 Qc8 17.Qe3 Kh8 18.b3 Rc5 19.Bh3 Nc6 20.Nf3  1/2-1/2

[Event "Kecskemet op"]
[Site "Kecskemet"]
[Date "1990.??.??"]
[Round "?"]
[White "Videki, Sandor"]
[Black "Menyhart, Tibor"]
[Result "1-0"]
[WhiteElo "2405"]
[BlackElo "2270"]

1.c4 c5 2.Nf3 Nf6 3.Nc3 e6 4.g3 b6 5.Bg2 Bb7 6.O-O Be7 7.b3 O-O 8.d4 d6 9.d5 exd5
10.Nh4 Qd7 11.cxd5 Nh5 12.e4 Bf6 13.Bb2 g6 14.f4 Bd4+ 15.Kh1 Na6 16.g4 Ng7
17.g5 Ne8 18.f5 Bg7 19.Qd2 b5 20.f6 Bh8 21.Nf3 Nec7 22.Nd1 Rfe8 23.Nf2 Nb4
24.a3 Nba6 25.Rad1 c4 26.b4 Nb8 27.Bc3 Qd8 28.Qf4 Nca6 29.e5 dxe5 30.Nxe5 Nd7
31.Nc6 Qc8 32.Ng4 Bxc6 33.Nh6+  1-0

[Event "Kecskemet op"]
[Site "Kecskemet"]
[Date "1990.??.??"]
[Round "?"]
[White "Arkhipov, Sergey"]
[Black "Brandics, Jozsef"]
[Result "1/2-1/2"]
[WhiteElo "2440"]
[BlackElo "2330"]

1.c4 Nf6 2.Nc3 c5 3.Nf3 d5 4.cxd5 Nxd5 5.e3 Nb4 6.d4 cxd4 7.exd4 Bf5 8.Bb5+ Nd7
9.O-O a6 10.Ba4 b5 11.Bb3 e6 12.a4 Bd3 13.Re1 Bd6 14.Ng5 O-O 15.axb5 Be7
16.Ra4 Bxg5 17.Bxg5 Qxg5 18.Rxb4 a5 19.Ra4 Bxb5 20.h4 Qf5 21.g4 Qd3 22.Qxd3 Bxd3
23.Re3 Rfb8 24.Bd1 Bb5 25.Nxb5 Rxb5 26.Bf3 Nb6 27.Ra2 Nd5  1/2-1/2

[Event "Kecskemet"]
[Site "Kecskemet"]
[Date "1990.??.??"]
[Round "13"]
[White "Videki, Sandor"]
[Black "Stangl, Markus"]
[Result "1/2-1/2"]
[WhiteElo "2440"]
[BlackElo "2405"]

1.c4 c5 2.Nc3 Nf6 3.Nf3 e6 4.e3 d5 5.cxd5 exd5 6.d4 Nc6 7.Be2 cxd4 8.Nxd4 Bd6
9.O-O O-O 10.b3 Nxd4 11.Qxd4 Re8 12.Bb2 Be5 13.Qd2 Be6 14.Rfd1 Qe7 15.Bf3 Rad8
16.Qe2 a6 17.Rac1 Bb8 18.Rd2 Rd7 19.Rcd1 Red8 20.g3 Ba7 21.Qf1 d4 22.exd4 Bxd4
23.Qe2 Bb6 24.Na4 Rxd2 25.Rxd2 Ba5 26.Rxd8+ Bxd8 27.Nc3 h6 28.h4 b5 29.Qd2 Bb6
30.Kg2 Qc7 31.Ne2 Bc8 32.Bd4 Bb7 33.Qe3 Bxf3+ 34.Qxf3 Bxd4 35.Nxd4 Qd6 36.Nf5 Qe6
37.Nd4 Qe5 38.Nc6 Qd6 39.b4 h5 40.a3 Ng4 41.Na5 Qe6 42.Nb3 Qc4 43.Nc5 a5
44.Qa8+ Kh7 45.Qe4+ Qxe4+ 46.Nxe4 axb4 47.axb4 Ne5  1/2-1/2

[Event "Kherson"]
[Site "Kherson"]
[Date "1990.??.??"]
[Round "?"]
[White "Kovalev, S."]
[Black "Kaplun, Leonid I"]
[Result "1/2-1/2"]
[WhiteElo "2290"]
[BlackElo "2390"]

1.Nf3 Nf6 2.c4 e6 3.Nc3 c5 4.g3 b6 5.Bg2 Bb7 6.O-O d6 7.d4 cxd4 8.Qxd4 a6
9.Rd1 Be7 10.b3 Nbd7 11.Bb2 O-O 12.Ng5  1/2-1/2

[Event "JUG-sf"]
[Site "Kladovo"]
[Date "1990.??.??"]
[Round "4"]
[White "Blagojevic, Dragisa"]
[Black "Ademi, Sami"]
[Result "1-0"]
[WhiteElo "2395"]
[BlackElo "2240"]

1.Nf3 Nf6 2.c4 c5 3.Nc3 g6 4.e4 d6 5.d4 Bg7 6.Be2 O-O 7.O-O h6 8.d5 e5 9.dxe6 fxe6
10.e5 dxe5 11.Nxe5 Nd5 12.Nxg6 Nxc3 13.bxc3 Qxd1 14.Rxd1 Bxc3 15.Rb1 Re8
16.Ne7+ Rxe7 17.Rd8+ Kg7 18.Rxc8 e5 19.Rb3 Ba5 20.Rg3+ Kh7 21.Rgg8  1-0

[Event "JUG-sf"]
[Site "Kladovo"]
[Date "1990.??.??"]
[Round "4"]
[White "Mirkovic, Slobodan"]
[Black "Stefanovski, Dusko"]
[Result "1-0"]
[WhiteElo "2400"]
[BlackElo "2315"]

1.Nf3 Nf6 2.c4 e6 3.Nc3 c5 4.g3 Nc6 5.Bg2 d5 6.cxd5 exd5 7.d4 cxd4 8.Nxd4 Be7
9.O-O O-O 10.Nxc6 bxc6 11.Be3 Bg4 12.Rc1 Re8 13.Re1 Qa5 14.a3 Qa6 15.Bd4 Bd8
16.Qd2 Bf5 17.Qf4 Bg6 18.e4 dxe4 19.Nxe4 Nxe4 20.Bxe4 Bb6 21.Bxc6 Rxe1+ 22.Rxe1 Rd8
23.Qe5 f6 24.Bd5+ Kh8 25.Qxf6 Rg8 26.Re7  1-0

[Event "Leningrad op"]
[Site "Leningrad"]
[Date "1990.??.??"]
[Round "?"]
[White "Mukhim, G."]
[Black "Labutin, Sergey"]
[Result "0-1"]
[WhiteElo "2425"]
[BlackElo "2360"]

1.Nf3 c5 2.c4 Nf6 3.Nc3 g6 4.d4 cxd4 5.Nxd4 Bg7 6.e4 d6 7.Be2 O-O 8.Be3 Nc6
9.Nc2 Be6 10.O-O Rc8 11.Rc1 a6 12.f3 Nd7 13.Nd5 Bxb2 14.Rb1 Bg7 15.Rxb7 Nc5
16.Rb1 Re8 17.Qd2 Rb8 18.Ncb4 Bd7 19.Nxc6 Bxc6 20.Rfc1 Rxb1 21.Rxb1 e6 22.Nb4 Qc7
23.Nxc6 Qxc6 24.Qa5 Rc8 25.Bf1 Be5 26.Bf2 Kg7 27.Qd2 Rc7 28.Rb4 Rb7 29.a3 Rc7
30.Qe3 Bf6 31.h3 h5 32.Qd2 Be5 33.Qe3 Bf6 34.Qd2 Kh7 35.g4 hxg4 36.hxg4 Bg7
37.Qg5 Qd7 38.Kg2 Kg8 39.Be2 Be5 40.Qh4 Bg7 41.Be3 Bc3 42.Rb8+ Rc8 43.Rb6 Qc7
44.Rb1 Qa5 45.Rh1 Qxa3 46.Qh7+ Kf8 47.Bh6+ Ke8 48.Qg8+ Kd7 49.Qxf7+ Kc6 50.Rd1 Be5
51.Rd2 Rb8 52.f4 Bc3 53.Rd1 Qb2 54.Kf3 Bd4  0-1

[Event "Leningrad op"]
[Site "Leningrad"]
[Date "1990.??.??"]
[Round "?"]
[White "Katishonok, Nikolaj"]
[Black "Pavlenko, Oleg"]
[Result "1/2-1/2"]
[WhiteElo "2225"]
[BlackElo "2370"]

1.Nf3 Nf6 2.c4 e6 3.Nc3 c5 4.e3 d5 5.d4 Nc6 6.a3 a6 7.dxc5 Bxc5 8.b4 Bd6
9.Bb2 O-O 10.cxd5 exd5 11.h3 Be6 12.Be2 Rc8 13.Rc1 Bb8 14.Na4 Ne4 15.Nc5 Qe7
16.O-O Rfd8 17.Qa4 Ba7 18.Nxb7 Qxb7 19.Bxa6 Qa8 20.Bxc8 Rxc8 21.b5 Ne7 22.Rxc8+ Nxc8
23.Bd4 Bd7 24.Rc1 Qb8 25.Ne5 Be8 26.Qa6 Ned6 27.a4 Bxd4 28.exd4 f6 29.Nc6 Qc7
30.Rc5 Kf8 31.f3 Qd7 32.Nb4 Qe6 33.Kf2 Nb6 34.a5 Nbc4 35.Nxd5 Bxb5 36.Qa8+ Be8
37.a6 Nb2 38.a7 Nd3+ 39.Kg1 Nxc5 40.dxc5 Nf5 41.Kf2 Qe5 42.Qb8 Qxd5 43.a8=Q Qxc5+
44.Ke2 Qc2+ 45.Ke1 Qc1+ 46.Ke2 Qc2+ 47.Ke1 Qc1+ 48.Ke2 Qc2+ 49.Ke1  1/2-1/2

[Event "Lombardia op"]
[Site "Lombardia"]
[Date "1990.??.??"]
[Round "?"]
[White "Ratti, Ruggero"]
[Black "Bellini, Fabio"]
[Result "1-0"]
[WhiteElo "2325"]
[BlackElo "2340"]

1.Nf3 c5 2.c4 Nf6 3.Nc3 b6 4.e4 d6 5.d4 cxd4 6.Nxd4 Bb7 7.Qe2 e6 8.g3 Be7
9.Bg2 O-O 10.O-O Nbd7 11.f4 Qc7 12.f5 Ne5 13.fxe6 Qxc4 14.Qxc4 Nxc4 15.Nf5 Rfe8
16.b3 Ne5 17.Ba3 Rac8 18.Nb5 Ba6 19.Nbxd6 Bxd6 20.Nxd6 Bxf1 21.Rxf1 fxe6
22.Nxe8 Rxe8 23.Bb2 Nfd7 24.Rc1 Nd3 25.Rc7 Nxb2 26.Rxd7 Rc8 27.Bh3 Rc1+ 28.Kf2 Rc2+
29.Ke3 Rxh2 30.Bxe6+ Kf8 31.Rxa7 Nd1+ 32.Kd4 g6 33.a4 Rd2+ 34.Ke5 Ne3 35.Rxh7 Rd1
36.Kf6 Rf1+ 37.Kxg6 Rf3 38.g4 Rf4 39.Rf7+ Rxf7 40.Bxf7 Nxg4 41.Bc4 Ke7 42.Kf5 Ne3+
43.Ke5 Nc2 44.Bb5 Na1 45.b4  1-0

[Event "Lyngby op"]
[Site "Lyngby"]
[Date "1990.??.??"]
[Round "1"]
[White "Friedman, Aviv"]
[Black "Adamski, Jan"]
[Result "0-1"]
[WhiteElo "2350"]
[BlackElo "2410"]

1.Nf3 Nf6 2.c4 e6 3.Nc3 c5 4.g3 b6 5.Bg2 Bb7 6.O-O Be7 7.d4 Ne4 8.Nxe4 Bxe4
9.d5 exd5 10.cxd5 O-O 11.Nd2 Bxg2 12.Kxg2 d6 13.Nc4 b5 14.Ne3 Nd7 15.Nf5 Re8
16.e4 Bf8 17.f3 Ne5 18.a4 a6 19.f4 Nd7 20.axb5 g6 21.Ne3 axb5 22.Rxa8 Qxa8
23.Qf3 Qa4 24.e5 dxe5 25.f5 e4 26.Qf4 Ne5 27.fxg6 hxg6 28.Ng4 Bg7 29.Nxe5 Rxe5
30.Qxf7+ Kh7 31.d6 e3 32.d7 Qa8+ 33.Qf3 Qxf3+ 34.Kxf3 Rd5 35.Bxe3 c4 36.Rb1 Rxd7
37.Ke2 Rd3 38.Bc1 Rb3 39.Kd1 b4 40.Kc2 Rf3 41.Ra1 Rf2+ 42.Kb1 Rxh2 43.Ra4 c3
44.bxc3 Bxc3 45.Ra7+ Kg8 46.g4 Rg2 47.g5 b3 48.Ra3 Rg1 49.Rxb3 Bd2 50.Rb8+ Kf7
51.Rc8 Ke6  0-1

[Event "Lyngby op"]
[Site "Lyngby"]
[Date "1990.??.??"]
[Round "7"]
[White "Hansen, Mads Smith"]
[Black "Kumaran, Dharshan"]
[Result "1/2-1/2"]
[WhiteElo "2280"]
[BlackElo "2230"]

1.Nf3 Nf6 2.c4 c5 3.Nc3 e6 4.g3 b6 5.Bg2 Bb7 6.O-O a6 7.d4 cxd4 8.Qxd4 d6
9.Rd1 Nbd7 10.e4 Qc7 11.b3 Be7 12.Ba3 Nc5 13.e5 dxe5 14.Qxe5 Rc8 15.Qxc7 Rxc7
16.Bc1 Nfe4 17.Nxe4 Bxe4 18.Bf4 Rc8 19.Ne5 f6 20.Nf3 Kf7 21.Be3 Rhd8 22.Rd4 Rxd4
23.Nxd4 Bxg2 24.Kxg2 Bf8 25.Kf1 Rd8  1/2-1/2

[Event "Lyngby op"]
[Site "Lyngby"]
[Date "1990.??.??"]
[Round "8"]
[White "Lehikoinen, Pertti Ilari"]
[Black "Sofrigin, Alexej"]
[Result "1/2-1/2"]
[WhiteElo "2235"]
[BlackElo "2240"]

1.Nf3 Nf6 2.c4 c5 3.Nc3 d5 4.cxd5 Nxd5 5.e4 Nxc3 6.bxc3 g6 7.Bc4 Bg7 8.O-O O-O
9.Ne1 Bxc3 10.Rb1 Bg7 11.Kh1 Nc6 12.f4 b6 13.Nf3 Nd4 14.Bb2 Nxf3 15.Bxg7 Kxg7
16.Qxf3 Bb7 17.f5 Bc6 18.Qf4 Qd4 19.d3 f6 20.Rf3 g5 21.Rg3 h6 22.Qg4 Rfd8
23.Qh5 Be8 24.Qf3 h5 25.h4 g4 26.Rxg4+ hxg4 27.Qxg4+ Kh6 28.Qf4+ Kh7 29.Qg4 e6
30.Bxe6 Kh6 31.Qf4+ Kh7 32.Qg4 Kh6 33.Qf4+ Kh7  1/2-1/2

[Event "Lyon op"]
[Site "Lyon"]
[Date "1990.??.??"]
[Round "?"]
[White "Suba, Mihai"]
[Black "Orlowski, Juergen"]
[Result "0-1"]
[WhiteElo "2505"]
[BlackElo "2300"]

1.Nf3 e6 2.c4 Nf6 3.Nc3 c5 4.g3 d5 5.cxd5 Nxd5 6.Bg2 Nc6 7.O-O Be7 8.d4 O-O
9.Nxd5 exd5 10.dxc5 Bxc5 11.b3 Bg4 12.Bb2 d4 13.h3 Bh5 14.a3 a5 15.Qd3 Qe7
16.Rfc1 Ba7 17.Qb5 Bg6 18.Re1 Rfe8 19.Rac1 Rad8 20.Nd2 Rd6 21.Nc4 Re6 22.Bxc6 bxc6
23.Qxa5 Be4 24.Red1 Rh6 25.h4 Rg6 26.Nd2 Bd5 27.Nf3 d3 28.Rxd3 Bxf2+ 29.Kh1 Qxe2
30.Qc3 Rxg3  0-1

[Event "Maribor"]
[Site "Maribor"]
[Date "1990.??.??"]
[Round "5"]
[White "Mohr, Georg"]
[Black "Grosar, Aljosa"]
[Result "1/2-1/2"]
[WhiteElo "2460"]
[BlackElo "2330"]

1.c4 Nf6 2.Nc3 c5 3.Nf3 d5 4.cxd5 Nxd5 5.g3 g6 6.Bg2 Bg7 7.Qb3 Nb4 8.a3 Be6
9.Qa4+ Bd7 10.Qd1 N4c6 11.O-O O-O 12.Rb1 Na6 13.d3 Nc7 14.Be3 Ne6 15.Qd2 Rc8
16.Rfc1 Ncd4 17.b4 cxb4 18.Rxb4 Bc6 19.Nxd4 Nxd4 20.Bxc6 Rxc6 21.Bxd4  1/2-1/2

[Event "Maribor"]
[Site "Maribor"]
[Date "1990.??.??"]
[Round "9"]
[White "Sher, Miron N"]
[Black "Gostisa, Leon"]
[Result "1-0"]
[WhiteElo "2485"]
[BlackElo "2420"]

1.c4 Nf6 2.Nf3 c5 3.Nc3 e6 4.g3 b6 5.Bg2 Bb7 6.O-O d6 7.b3 Nbd7 8.Bb2 Be7
9.d4 cxd4 10.Nxd4 Bxg2 11.Kxg2 Qc8 12.e3 O-O 13.f4 Re8 14.Qf3 Bf8 15.Rfd1 a6
16.g4 g6 17.g5 Nh5 18.Rd2 f6 19.h4 Nc5 20.Nde2 Qc7 21.gxf6 Nxf6 22.Ng3 Qf7
23.Rad1 a5 24.Nb5 e5 25.fxe5 dxe5 26.Rf2 Rad8 27.Rxd8 Rxd8 28.Bxe5 Nd3 29.Qxf6 Qxf6  1-0

[Event "Meudon"]
[Site "Meudon"]
[Date "1990.??.??"]
[Round "4"]
[White "Hartereau, Philippe"]
[Black "Badii, Madjid"]
[Result "1-0"]
[WhiteElo "2170"]
[BlackElo "2305"]

1.Nf3 c5 2.c4 Nf6 3.Nc3 e6 4.g3 b6 5.Bg2 Bb7 6.O-O Be7 7.d4 cxd4 8.Qxd4 d6
9.b3 a6 10.Ba3 Nc6 11.Qf4 d5 12.Bxe7 Nxe7 13.Ne5 O-O 14.Ng4 Nxg4 15.Qxg4 Qc7
16.Rac1 dxc4 17.Bxb7 Qxb7 18.Qxc4 Rac8 19.Qf4 Rc6 20.e4 Rfc8 21.Ne2 Rc2 22.Rxc2 Rxc2
23.Rd1 Qc8 24.Qd6 Nc6 25.Qd3 Rxe2 26.Qxe2 Ne5 27.Qxa6 Qb8 28.Qb7  1-0

[Event "Miskolc"]
[Site "Miskolc"]
[Date "1990.??.??"]
[Round "6"]
[White "Vadasz, Laszlo"]
[Black "Ermenkov, Evgenij"]
[Result "1/2-1/2"]
[WhiteElo "2395"]
[BlackElo "2465"]

1.Nf3 Nf6 2.c4 c5 3.Nc3 e6 4.e3 d5 5.d4 a6 6.dxc5 Bxc5 7.a3 O-O 8.b4 Bd6
9.Bb2 Nc6 10.cxd5 exd5 11.Be2  1/2-1/2

[Event "Miskolc"]
[Site "Miskolc"]
[Date "1990.??.??"]
[Round "10"]
[White "Arkhipov, Sergey"]
[Black "West, Guy"]
[Result "1/2-1/2"]
[WhiteElo "2475"]
[BlackElo "2395"]

1.c4 Nf6 2.Nc3 c5 3.Nf3 e6 4.e3 Be7 5.d4 cxd4 6.exd4 O-O 7.d5 Bb4 8.Bd2 exd5
9.cxd5 Re8+ 10.Be2 Qe7 11.Kf1 a6 12.Bd3 d6 13.Qa4 Bxc3 14.Bxc3 Nxd5 15.Re1 Be6
16.Bd2 Nd7 17.Ng5  1/2-1/2

[Event "Moscow (Women)"]
[Site "Moscow"]
[Date "1990.??.??"]
[Round "?"]
[White "Galliamova, Alisa"]
[Black "Litinskaya, Marta I"]
[Result "0-1"]
[WhiteElo "2365"]
[BlackElo "2355"]

1.Nf3 c5 2.c4 Nf6 3.Nc3 e6 4.d4 cxd4 5.Nxd4 a6 6.e4 d6 7.Be2 Be7 8.O-O O-O
9.a4 b6 10.Bf3 Ra7 11.a5 bxa5 12.Be3 Rc7 13.Qe2 Nfd7 14.Nb3 Nc6 15.Ra3 Bb7
16.Rfa1 Qc8 17.Ra4 Nde5 18.Bb6 Nxf3+ 19.gxf3 Rd7 20.Nxa5 Nxa5 21.Rxa5 Bf6
22.Rc1 Qc6 23.Be3 Rc8 24.b3 g6 25.Ra2 Be5 26.Rd2 Qc7 27.Bd4 d5 28.Bxe5 Qxe5
29.exd5 Qg5+ 30.Kh1 exd5 31.Qe3 Qf5 32.Nxd5 Rxd5 33.Rxd5 Bxd5 34.cxd5 Rxc1+
35.Qxc1 Qxf3+ 36.Kg1 Qxd5 37.Qc8+ Kg7 38.Qxa6 Qxb3 39.Kg2 Qd5+ 40.Kg1 g5
41.Qa1+ f6 42.Qa7+ Kg6 43.Qe7 Qe5 44.Qf8 h6 45.h3 f5 46.Qg8+ Kh5 47.Qb3 Qe1+
48.Kg2 Qe4+ 49.Kh2 Qe5+ 50.Kg2 Kh4 51.Qb6 h5 52.Qb3 f4 53.Qd3 Qe1 54.Qc4 Qd2
55.Qe4 Qc3 56.Qe6 Qd3 57.Qc8 Qe4+ 58.Kg1 Qf3 59.Qc5 Kxh3  0-1

[Event "Moscow (Women)"]
[Site "Moscow"]
[Date "1990.??.??"]
[Round "?"]
[White "Lelchuk, Zoja"]
[Black "Levitina, Irina S"]
[Result "1-0"]
[WhiteElo "2340"]
[BlackElo "2370"]

1.Nf3 c5 2.c4 Nf6 3.Nc3 d5 4.cxd5 Nxd5 5.e4 Nc7 6.d4 cxd4 7.Qxd4 Nc6 8.Qxd8+ Nxd8
9.Bf4 Nce6 10.Bb5+ Nc6 11.Be3 Bd7 12.O-O-O Rc8 13.Bxa7 Nc7 14.Bxc6 Bxc6 15.Kb1 e6
16.Ne5 Nb5 17.Nxb5 Bxb5 18.Rc1 Ra8 19.Bc5 f6 20.Bxf8 Kxf8 21.Rc5 Be8 22.Nc4 Bc6
23.f3 Ke7 24.Na5 Rhc8 25.Rhc1 Kd7 26.b3 Ra6 27.Kb2 Rca8 28.b4 Rb6 29.Kb3 Rba6
30.a3 R8a7 31.R1c3 Ra8 32.Kb2 R8a7 33.h3 h6 34.Ka2 Ra8 35.Nxb7 Bxb7 36.Rc7+ Kd6
37.Rxb7 g5 38.Rb5 h5 39.Rd3+ Ke7  1-0

[Event "Moscow op"]
[Site "Moscow"]
[Date "1990.??.??"]
[Round "?"]
[White "Sher, Miron N"]
[Black "Baikov, Vladimir A"]
[Result "1-0"]
[WhiteElo "2485"]
[BlackElo "2360"]

1.c4 c5 2.Nf3 Nf6 3.Nc3 d5 4.cxd5 Nxd5 5.g3 Nc6 6.Bg2 Nc7 7.O-O e5 8.d3 Be7
9.Nd2 Bd7 10.Nc4 O-O 11.Bxc6 Bxc6 12.Nxe5 Be8 13.Be3 f6 14.Nf3 Bc6 15.Qb3+ Kh8
16.Rfd1 Nd5 17.d4 Nxe3 18.fxe3 Qc7 19.Rac1 Bd6 20.Nb5 Bxb5 21.Qxb5 b6 22.b4 Qe7
23.dxc5 bxc5 24.bxc5 Rab8 25.Qc4 Qxe3+ 26.Kf1 Be5 27.Qd3 Qh6 28.Kg2 Bc7 29.Rc4 f5
30.c6 Rbe8 31.Rd2 f4 32.g4 Qe6 33.h3 h5 34.Rc5 g6 35.gxh5 Rf5 36.Rxf5 gxf5
37.Kf1 Bb6 38.Qc3+ Kg8 39.e4 Kf8 40.Rd7 Qh6 41.Nh4  1-0

[Event "Goldberg mem"]
[Site "Moscow"]
[Date "1990.??.??"]
[Round "1"]
[White "Yuferov, Sergey  N"]
[Black "Doghri, Nabil"]
[Result "1-0"]
[WhiteElo "2435"]
[BlackElo "2280"]

1.Nf3 Nf6 2.c4 e6 3.Nc3 c5 4.g3 d5 5.cxd5 Nxd5 6.Bg2 Nc6 7.O-O Be7 8.d4 O-O
9.e4 Nb6 10.d5 exd5 11.exd5 Nb4 12.Ne5 Bd6 13.Nd3 Bf5 14.Nxb4 cxb4 15.Ne4 Bxe4
16.Bxe4 Qf6 17.Be3 Qe5 18.Re1 Qxe4 19.Bxb6 Qf5 20.Be3 Rfd8 21.Qb3 h5 22.h4 Qf3
23.Bxa7 Qxb3 24.axb3 Bf8 25.Red1 b6 26.Bxb6 Rxa1 27.Rxa1 Rxd5 28.Ra8 f6 29.Kf1 Kf7
30.Ke2 g5 31.Be3 gxh4 32.gxh4 Bd6 33.Rc8 Ke6 34.Rc4 Ra5 35.Kd3 Ra1 36.Bc1 Kd5
37.Kc2 f5 38.Kd3 Ra8 39.Bd2 Ra2 40.Kc2 Be5 41.Bc1 Bd6 42.Bf4 Bf8 43.Bd2 Bg7
44.Rxb4 Rxb2+ 45.Kd3 Ra2 46.Rb5+ Ke6 47.Rb6+ Kd5 48.Rg6 Be5 49.f4 Bh8 50.Bb4  1-0

[Event "Muenster IM"]
[Site "Muenster"]
[Date "1990.??.??"]
[Round "6"]
[White "Kamp, Christoph"]
[Black "Madl, Ildiko"]
[Result "1/2-1/2"]
[WhiteElo "2240"]
[BlackElo "2375"]

1.c4 Nf6 2.Nc3 c5 3.Nf3 g6 4.d4 Bg7 5.g3 O-O 6.Bg2 cxd4 7.Nxd4 Nc6 8.O-O a6
9.Nxc6 bxc6 10.Be3 Rb8 11.Qd2 d6 12.h3 Be6 13.b3 d5 14.Rad1 Qc8 15.cxd5 Bxh3
16.Bf4 Ra8 17.d6 Rd8 18.Qc1 exd6 19.Rxd6 Rxd6 20.Bxd6 Bxg2 21.Kxg2 c5 22.Be5 Qc6+
23.f3 Rc8 24.Rd1 Qe6 25.Bxf6 Bxf6 26.Ne4 Be7 27.Qc4 Qxc4 28.bxc4 Rb8 29.Rd7 Kf8
30.Rc7 Rb2 31.Kf2 Rxa2 32.Nxc5 a5 33.Nd3 a4 34.Ra7 a3 35.c5 Rc2 36.Rxa3 Bxc5+
37.Nxc5 Rxc5 38.f4 h5 39.Ra7 Kg7 40.Kf3 Rc4  1/2-1/2

[Event "Munich"]
[Site "Munich"]
[Date "1990.??.??"]
[Round "?"]
[White "Van der Sterren, Paul"]
[Black "Brunner, Lucas"]
[Result "1/2-1/2"]
[WhiteElo "2515"]
[BlackElo "2525"]

1.Nf3 Nf6 2.c4 e6 3.Nc3 c5 4.g3 d5 5.cxd5 Nxd5 6.Bg2 Nc6 7.O-O Be7 8.d4 O-O
9.Nxd5 exd5 10.dxc5 Bxc5 11.Bg5 Qb6 12.Rc1 Be6 13.Qc2 Be7 14.Bxe7 Nxe7 15.Qc7 Nc6
16.Qxb6 axb6 17.a3 Ra4 18.Rfd1 b5 19.Ng5 b4 20.Bxd5 Bxd5 21.Rxd5 bxa3 22.bxa3 Rxa3
23.Rb1 Ra5 24.Rxa5 Nxa5 25.Rb5 Ra8 26.Ne4 Ra7 27.Nd6 Ra6 28.Nxb7 Nxb7 29.Rxb7 h5
30.Kg2 g6  1/2-1/2

[Event "New York op"]
[Site "New York"]
[Date "1990.??.??"]
[Round "2"]
[White "Vaganian, Rafael A"]
[Black "Hellers, Ferdinand"]
[Result "1-0"]
[WhiteElo "2605"]
[BlackElo "2525"]

1.Nf3 Nf6 2.c4 c5 3.Nc3 e6 4.g3 b6 5.Bg2 Bb7 6.O-O Nc6 7.e4 d6 8.d4 cxd4
9.Nxd4 Nxd4 10.Qxd4 Be7 11.b3 O-O 12.Ba3 Qb8 13.Rfd1 Rd8 14.Rac1 Bc6 15.h3 a6
16.Bb4 Qb7 17.Qe3 b5 18.cxb5 axb5 19.Rc2 Bf8 20.Rcd2 d5 21.Bxf8 Rxf8 22.exd5 Nxd5
23.Nxd5 Bxd5 24.Bxd5 exd5 25.Qf3 g6 26.Qxd5 Qxd5 27.Rxd5 Rxa2 28.Rxb5 Re8
29.Rd4 Re6 30.Rf4 Kg7 31.Kg2 h5 32.Rb7 Rf6 33.Rxf6 Kxf6 34.h4 Rb2 35.Kf3 Ke6
36.Ke3 Kf6 37.f3 Rg2 38.Kf4 Rb2 39.Rb6+ Kg7 40.b4 Rb3 41.Rb8 Kf6 42.Rb6+ Kg7
43.Ke4 Rb1 44.b5 f6 45.Rb7+ Kh6 46.Rb8 Rb3 47.b6 Kg7 48.Kd5 Rxf3 49.Kc4 Rf1
50.Rb7+ Kh6 51.Rd7 Rb1 52.Kc5 Rc1+ 53.Kd6 Rd1+ 54.Kc7 Rc1+ 55.Kd8 Rb1 56.Rd6  1-0